Groups of Things - Fullmetal Alchemist: Brotherhood - Statistics

General Stats
  • This quiz has been taken 71 times
  • The average score is 25 of 43
Answer Stats
Group Answer % Correct
Named Characters with an Automail Edward Elric
96%
Human Sacrifices Alphonse Elric
94%
The Seven Homunculi Gluttony
94%
The Seven Homunculi Greed
94%
The Seven Homunculi Lust
94%
The Seven Homunculi Wrath
94%
The Seven Homunculi Envy
92%
The Seven Homunculi Pride
92%
Human Sacrifices Edward Elric
90%
Mustang's Squad Riza Hawkeye
90%
The Seven Homunculi Sloth
90%
Known State Alchemist Titles Fullmetal
88%
Human Sacrifices Roy Mustang
88%
Known State Alchemist Titles Flame
84%
Human Sacrifices Izumi Curtis
68%
Three Rules of a State Alchemist Do not create {people}
64%
Mustang's Squad Jean Havoc
64%
Human Sacrifices Van Hohenheim
64%
The Phases of Alchemy Deconstruction
58%
Mustang's Squad Kain Fuery
58%
Known State Alchemist Titles Crimson
54%
Three Rules of a State Alchemist Do not create {gold}
54%
The Phases of Alchemy Reconstruction
54%
Known State Alchemist Titles Strong Arm
48%
Named Characters with an Automail Captain Buccaneer
44%
Named Characters with an Automail Paninya
44%
Chimeras Working Under Kimblee Darius
40%
Neighboring Countries of Amestris Drachma
40%
Mustang's Squad Vato Falman
40%
Chimeras Working Under Kimblee Heinkel
38%
Mustang's Squad Heymans Breda
38%
Named Characters with an Automail Lan Fan
38%
Known State Alchemist Titles Freezing
36%
Three Rules of a State Alchemist Obey the {military}
34%
Chimeras Working Under Kimblee Zampano
34%
Known State Alchemist Titles Sewing Life
32%
Known State Alchemist Titles Iron-Blood
26%
The Phases of Alchemy Understanding
26%
Chimeras Working Under Kimblee Jerso
24%
Named Characters with an Automail Den
22%
Known State Alchemist Titles Silver
16%
Neighboring Countries of Amestris Creta
12%
Neighboring Countries of Amestris Aerugo
8%
No matching quizzes found
Score Distribution
Percent of People with Each Score
Percentile by Number Answered
Your Score History
You have not taken this quiz